000 01330aam a2200241 a 4500
001 001277928
003 AR-RoUNCS
005 20260513134119.0
007 ta
008 130327s2012 ag |r 00| f spa d
020 _a9789871568475
040 _aAR-RoUNCS
_bspa
_cAR-RoUNCS
041 _aspa
100 1 _aRisley, Alexandra
_eautor
245 1 3 _aEl pianista recostado en el opio :
_bla historia de Europa, de un hombre, de sus adicciones y de la mujer que podía salvarlo /
_cAlexandra Risley.
260 _a[Buenos Aires] :
_bVestales,
_cc2012.
300 _a348 p. ;
_c22 cm.
520 _aLa novela se desarrolla en la Europa del siglo XIX. Harry Zittlemann, un pianista trashumante, conoce a la burguesía búlgara, tiene vínculos con los conservadores ingleses, habla ruso fluidamente, etc. De repente, es el hombre que Gran Bretaña necesita para mediar en los conflictos bélicos del Imperio Otomano. Harry carga con el peso de los acontecimientos, con la certeza de que lo obligarán a desmembrar a un imperio corrupto para beneficiar a otro igual. Cuando la traición estalle, se abandonará al opio; recostado en un fumadero apenas recordará que lo ha perdido todo.
650 7 _2embne
_aNovela venezolana
655 7 _aNovelas de amor
_2embne
655 7 _aNovelas históricas
_2embne
942 _2udc
_cOG
_n0
999 _c1015
_d1015